00990cam a2200277 a 4500001000500000005001700005008004100022020001500063040002300078050002600101082001400127100002000141245008600161250004600247260003500293300004000328490003000368505000800398520014800406521002000554521002000574650002400594650002700618650003500645700003200680114320230815115612.0991216s2000 nyu b 000 1 eng  aPQ14626548 aDLCcDLCdDLCbeng00aPZ7.A2615bCaabf 200000a[Fic]2211 aAdler, David A.10aCam Jansen and the birthday mystery /cDavid Adler ; illustrated by Susanna Natti aFirst Scholastic printing, September 2002 aNew York :bScholastic, c2002 a58 pages :billustrations ;c20 cm.1 aA Cam Jansen adventure ; aN  aWhen Cam's grandparents are robbed on their way to her parents' surprise birthday party, Cam uses her photographic memory to solve the mystery. a590 bLexile  aN bRaz-Plus  1aBirthdaysvFiction. 1aGrandparentsvFiction. 1aMystery and detective stories.1 aNatti, Susannaeillustrator